000 00636nam a2200145Ia 4500
008 170221s9999 xx 000 0 und d
100 _aSam Basu
245 _aDynamic capabilities or positioning? Integrating environmental and resource-led antecedents of firm performance
245 _cSam Basu, William Paterson University; Raza Mir, William Paterson University; Sia Nassiripour, William Paterson University; Hannah Wong, William Paterson University.
260 _bJournal of Management and Marketing Research
260 _c2012
300 _a32 : 16
650 _xBusiness
856 _uhttp://www.aabri.com/manuscripts/121303.pdf
999 _c311370
_d311370